000
00201nam a2200085Ia 4500
008
120527s9999 xx 000 0 und d
100
_a
Kossyln & Rosenberg
245
_a
Psychology in context
942
_c
BK
999
_c
27503
_d
27503